<?xml version="1.0" encoding="UTF-8"?><?xml-stylesheet type="text/xsl" href="static/style.xsl"?><OAI-PMH xmlns="http://www.openarchives.org/OAI/2.0/" xmlns:xsi="http://www.w3.org/2001/XMLSchema-instance" xsi:schemaLocation="http://www.openarchives.org/OAI/2.0/ http://www.openarchives.org/OAI/2.0/OAI-PMH.xsd"><responseDate>2026-04-13T02:59:56Z</responseDate><request verb="GetRecord" identifier="oai:www.recercat.cat:2072/488556" metadataPrefix="marc">https://recercat.cat/oai/request</request><GetRecord><record><header><identifier>oai:recercat.cat:2072/488556</identifier><datestamp>2025-11-07T13:55:59Z</datestamp><setSpec>com_2072_98</setSpec><setSpec>col_2072_378192</setSpec></header><metadata><record xmlns="http://www.loc.gov/MARC21/slim" xmlns:dcterms="http://purl.org/dc/terms/" xmlns:xsi="http://www.w3.org/2001/XMLSchema-instance" xmlns:doc="http://www.lyncode.com/xoai" xsi:schemaLocation="http://www.loc.gov/MARC21/slim http://www.loc.gov/standards/marcxml/schema/MARC21slim.xsd">
   <leader>00925njm 22002777a 4500</leader>
   <datafield ind2=" " ind1=" " tag="042">
      <subfield code="a">dc</subfield>
   </datafield>
   <datafield ind2=" " ind1=" " tag="720">
      <subfield code="a">López Belbeze, Ma. Pilar</subfield>
      <subfield code="e">author</subfield>
   </datafield>
   <datafield ind2=" " ind1=" " tag="720">
      <subfield code="a">Rialp Criado, Josep</subfield>
      <subfield code="e">author</subfield>
   </datafield>
   <datafield ind2=" " ind1=" " tag="720">
      <subfield code="a">Vaziri, Maryam</subfield>
      <subfield code="e">author</subfield>
   </datafield>
   <datafield ind2=" " ind1=" " tag="260">
      <subfield code="c">2025</subfield>
   </datafield>
   <datafield ind2=" " ind1=" " tag="520">
      <subfield code="a">This study, grounded in consumer culture theory, examines how quality-of-life, consumer responsibility for sustainable consumption, and ethnocentrism influence local brand preference. Moving beyond national wealth metrics, it explores regional disparities in quality-of-life using a representative sample of 2589 Spanish consumers and official quality-of-life indicators. A hierarchical cluster analysis grouped regions by quality-of-life, and structural equation modeling tested the proposed relationships. Results reveal that the effect of consumer responsibility for sustainable consumption on local brand preference varies by regional quality-of-life-factors like safety strengthen local brand preference, while access to broader resources may reduce reliance on local options. Ethnocentrism amplifies local brand preference, particularly in lower-quality-of-life regions where supporting local brands reinforces community identity. These findings underscore the need for localized marketing and policy strategies that not only address consumer preferences at a national level but also consider regional variations in quality-of-life and cultural identity, thereby enabling more effective, context-sensitive interventions.</subfield>
   </datafield>
   <datafield ind1="8" ind2=" " tag="024">
      <subfield code="a">http://hdl.handle.net/2072/488556</subfield>
   </datafield>
   <datafield tag="653" ind2=" " ind1=" ">
      <subfield code="a">Consumer culture theory</subfield>
   </datafield>
   <datafield tag="653" ind2=" " ind1=" ">
      <subfield code="a">Consumer responsibility for sustainable consumption</subfield>
   </datafield>
   <datafield tag="653" ind2=" " ind1=" ">
      <subfield code="a">Ethnocentrism</subfield>
   </datafield>
   <datafield tag="653" ind2=" " ind1=" ">
      <subfield code="a">Local brand preferences</subfield>
   </datafield>
   <datafield tag="653" ind2=" " ind1=" ">
      <subfield code="a">Quality-of-life</subfield>
   </datafield>
   <datafield tag="653" ind2=" " ind1=" ">
      <subfield code="a">Regional disparities</subfield>
   </datafield>
   <datafield ind2="0" ind1="0" tag="245">
      <subfield code="a">Living Local : the impact of quality-of-life and ethnocentrism on consumer responsibility for sustainable consumption and local brands</subfield>
   </datafield>
</record></metadata></record></GetRecord></OAI-PMH>